Jednotný trh Európskej únie a jeho vplyv na svetovú ekonomiku dizertačná práca
Salvato in:
| Autore principale: | |
|---|---|
| Ente Autore: | |
| Altri autori: | |
| Natura: | Libro |
| Lingua: | slovacco |
| Pubblicazione: |
Bratislava
2017
|
| Soggetti: | |
| Tags: |
Nessun Tag, puoi essere il primo ad aggiungerne!!
|
MARC
| LEADER | 00000nbm a2200000 4500 | ||
|---|---|---|---|
| 001 | 0235398 | ||
| 005 | 20240502073817.1 | ||
| 041 | 0 | |a slo | |
| 044 | |a SK | ||
| 245 | 1 | 0 | |a Jednotný trh Európskej únie a jeho vplyv na svetovú ekonomiku |b dizertačná práca |c Bianka Bittmannová ; školiteľ: Martin Grešš |
| 264 | 1 | |a Bratislava |c 2017 | |
| 300 | |a 152 s. | ||
| 610 | 2 | 0 | |a integrácia ekonomická medzinárodná |
| 610 | 2 | 0 | |a trh jednotný |
| 610 | 2 | 0 | |a obchod medzinárodný |
| 610 | 2 | 0 | |a hospodárstvo svetové |
| 610 | 2 | 0 | |a multilateralita |
| 610 | 2 | 0 | |a dohody medzinárodné |
| 610 | 2 | 0 | |a Európska únia |
| 100 | 1 | |a Bittmannová, Bianka | |
| 700 | 1 | |a Grešš, Martin, 1978- | |
| 710 | 2 | |a Ekonomická univerzita v Bratislave. Fakulta medzinárodných vzťahov | |